00639nam a2200181 a 450000100100000000500170001000800410002702000150006804000250008310000250010824500740013326000700020730000280027750000210030504900090032695201050033599900170044000003530420200930074238.0111027s2000 xxu 000 0 spa d a1857592344 aDO-SdBNPbspacBNPHU1 aDain, Phyllis96107410aThe New York public library :buniverse of knowledge /cPhyllis Dain. aLondon :bThe New York public library in association with,c2000. a144 p. :bil. ;c24 cm. aIncluye índice aBNPD 001050718MOaGRbGRcHDd2011-10-27iLF1l0o p35304-10r2020-06-25w2020-06-25y1ZNo se presta c34795d34795